000
00314nam a2200109Ia 4500
008
151213s9999 xx 000 0 und d
245
_a
Cupidae Legum Juventuti ,, The Elements of Roman Law , With A Translation of The Institutes of Justinian
300
_a
3729 p.
650
_a
Law
650
_a
Law
999
_c
2468
_d
2468